000 00771nam a2200217 i 4500
001 53361
003 ES-MaACL
005 20250815112021.0
007 t|
008 950922s1879 sp ||||1| spa d
040 _aCAM
_bspa
_cCAM
100 1 _aEscosura y Coronel, Luis de la.
_947618
245 1 0 _aBreves consideraciones sobre estática química forestal /
_cpor Luis de la Escosura y Coronel.
260 _aMadrid :
_b[s.n.],
_c1879 (
_fimprenta de Manuel G. Hernández)
300 _a84, [2] p. ;
_c23 cm.
530 _aDisponible en formato digital.
650 7 _aQuímica de suelos
_2embne
_9159993
852 _aES-MaACL
_jT-356-F-5
856 _uhttp://bdh-rd.bne.es/viewer.vm?id=0000048761&page=1
_zBiblioteca Digital Hispánica
999 _c53361
_d53361